[Event "AUT-chT2W 2122"]
[Site "Austria"]
[Date "2022.03.12"]
[Round "10.1"]
[White "Hoefelsauer, Thomas"]
[Black "Bertagnolli, Alexander"]
[Result "1-0"]
[WhiteElo "2336"]
[BlackElo "2350"]
[PlyCount "151"]
[EventDate "2021.10.15"]
[EventType "team-tourn"]
[EventRounds "11"]
[EventCountry "AUT"]
[SourceTitle "EXT 2023"]
[Source "ChessBase"]
[SourceDate "2022.10.05"]
[SourceVersion "1"]
[SourceVersionDate "2022.10.05"]
[SourceQuality "1"]
[WhiteTeam "Wolfurt"]
[BlackTeam "Kufstein/Woergl"]
[WhiteTeamCountry "AUT"]
[BlackTeamCountry "AUT"]

1. d4 Nf6 2. c4 e6 3. Nf3 d5 4. cxd5 exd5 5. Nc3 c6 6. Bg5 h6 7. Bh4 Be7 8. e3 Bf5 9. Bd3 Bxd3 10. Qxd3 Nbd7 11. 0-0 0-0 12. Rab1 Ne8 13. Bg3 Nd6 14. Ne5 Rc8 15. Rfc1 a6 16. Nxd7 Qxd7 17. Na4 Qf5 18. Qxf5 Nxf5 19. Nb6 Rcd8 20. Bc7 Rde8 21. g4 Nxe3 22. fxe3 Bg5 23. Bf4 Rxe3 24. Bxe3 Bxe3+ 25. Kg2 Bxd4 26. Na4 f5 27. gxf5 Rxf5 28. Rf1 Rg5+ 29. Kh1 b5 30. Nc3 Bf6 31. Rg1 Rh5 32. Rbf1 Kf7 33. Ne2 c5 34. Nf4 Rf5 35. Nd3 Rxf1 36. Rxf1 c4 37. Ne1 Ke6 38. b3 d4 39. Kg2 d3 40. Kf3 Kd5 41. Nxd3 cxd3 42. Ke3 Kc5 43. Kxd3 Kb4 44. Kc2 Ka3 45. Kb1 Kb4 46. Rc1 h5 47. Rc6 a5 48. Kc2 a4 49. h3 h4 50. Re6 axb3+ 51. axb3 Kc5 52. Re4 Kd5 53. Kd3 Kc5 54. Rf4 Be7 55. Ke2 Bf6 56. Kf3 Be7 57. Kg4 Bf6 58. Kf5 Kd5 59. Kg6 Kc5 60. Kf7 Kd5 61. Rf5+ Kc6 62. Ke6 Bc3 63. Rf4 g5 64. Rf5 Bd2 65. Rf2 Bf4 66. Rc2+ Kb6 67. b4 Bg3 68. Rc1 Bf4 69. Rd1 Kc6 70. Rd5 Be3 71. Rd6+ Kc7 72. Rd3 Bf4 73. Kd5 Bd6 74. Rd4 Be7 75. Ke6 Bf8 76. Kf6 1-0

[Event "AUT-chT2W 1920"]
[Site "Austria"]
[Date "2020.01.17"]
[Round "6.3"]
[White "Bertagnolli, Alexander"]
[Black "Juergens, Klaus"]
[Result "1/2-1/2"]
[WhiteElo "2346"]
[BlackElo "2121"]
[PlyCount "86"]
[EventDate "2019.10.04"]
[EventType "team-tourn"]
[EventRounds "11"]
[EventCountry "AUT"]
[SourceTitle "CBM 195 Extra"]
[Source "ChessBase"]
[SourceDate "2020.05.31"]
[SourceVersion "1"]
[SourceVersionDate "2020.05.31"]
[SourceQuality "1"]
[WhiteTeam "Kufstein/Woergl"]
[BlackTeam "Salzburg ASK"]
[WhiteTeamCountry "AUT"]
[BlackTeamCountry "AUT"]

1. e4 c5 2. Ne2 Nc6 3. d4 cxd4 4. Nxd4 g6 5. Nxc6 bxc6 6. Qd4 Nf6 7. e5 Nd5 8. e6 Nf6 9. exd7+ Bxd7 10. Bd2 Bg7 11. Bc3 0-0 12. Bc4 e5 13. Qh4 Nd5 14. Qxd8 Rfxd8 15. Ba5 Rdb8 16. Nc3 Be6 17. Bb3 Nf4 18. g3 Bxb3 19. axb3 Ne6 20. Ne2 c5 21. Ra4 Rb7 22. f3 Rd7 23. Kf2 Rb8 24. Rha1 f5 25. Bc3 Rbb7 26. Rc4 Nd4 27. Rc1 Bh6 28. f4 Nxe2 29. Kxe2 exf4 30. gxf4 Rd5 31. Ra1 Bg7 32. Ra5 Bxc3 33. Rxc3 Re7+ 34. Re3 Red7 35. Kf3 Rd2 36. Re2 R2d5 37. Re5 Rxe5 38. fxe5 Rc7 39. Kf4 c4 40. bxc4 Rxc4+ 41. Kg5 Kf7 42. Rxa7+ Ke6 43. h3 Rxc2 1/2-1/2

[Event "ITA-chTB 51st"]
[Site "Brixen Bressanone"]
[Date "2019.04.29"]
[Round "7.1"]
[White "Basso, Pier Luigi"]
[Black "Bertagnolli, Alexander"]
[Result "1-0"]
[WhiteElo "2516"]
[BlackElo "2358"]
[PlyCount "46"]
[EventDate "2019.04.26"]
[EventType "team-swiss"]
[EventRounds "7"]
[EventCountry "ITA"]
[SourceTitle "CBM 190 Extra"]
[Source "ChessBase"]
[SourceDate "2019.07.15"]
[SourceVersion "1"]
[SourceVersionDate "2019.07.15"]
[SourceQuality "1"]
[WhiteTeam "Modena WorldtradingLab"]
[BlackTeam "Perugia Euro Scacchi"]
[WhiteTeamCountry "ITA"]
[BlackTeamCountry "ITA"]

1. d4 c5 2. d5 g6 3. c4 f5 4. Nc3 Bg7 5. Qc2 Nf6 6. g3 d6 7. Bg2 Na6 8. Nf3 Nc7 9. 0-0 Rb8 10. a3 b5 11. Nd2 e6 12. dxe6 bxc4 13. Qa4+ Kf8 14. Nxc4 Bxe6 15. Bf4 Nfe8 16. Rad1 Bxc4 17. Qxc4 Rxb2 18. Na4 g5 19. Nxb2 Bxb2 20. Qc2 Bf6 21. Bd2 Ng7 22. Ba5 Qe7 23. Rb1 Kf7 1-0

[Event "ITA-chTB 51st"]
[Site "Brixen Bressanone"]
[Date "2019.04.27"]
[Round "2.1"]
[White "Bertagnolli, Alexander"]
[Black "Sadzikowski, Daniel"]
[Result "0-1"]
[WhiteElo "2358"]
[BlackElo "2523"]
[PlyCount "62"]
[EventDate "2019.04.26"]
[EventType "team-swiss"]
[EventRounds "7"]
[EventCountry "ITA"]
[SourceTitle "CBM 190 Extra"]
[Source "ChessBase"]
[SourceDate "2019.07.15"]
[SourceVersion "1"]
[SourceVersionDate "2019.07.15"]
[SourceQuality "1"]
[WhiteTeam "Perugia Euro Scacchi"]
[BlackTeam "Chieti"]
[WhiteTeamCountry "ITA"]
[BlackTeamCountry "ITA"]

1. e4 c6 2. d4 d5 3. Nc3 dxe4 4. Nxe4 Bf5 5. Ng3 Bg6 6. Nf3 Nd7 7. h4 h6 8. h5 Bh7 9. Bd3 Bxd3 10. Qxd3 e6 11. Bd2 Ngf6 12. 0-0-0 Be7 13. Ne4 Nxe4 14. Qxe4 Nf6 15. Qd3 0-0 16. Ne5 c5 17. dxc5 Qc7 18. Rde1 Qxc5 19. Qg3 Rac8 20. c4 Kh8 21. Bc3 b5 22. b4 Qc7 23. c5 a5 24. a3 axb4 25. axb4 Bxc5 26. Ng6+ fxg6 27. Qxc7 Rxc7 28. bxc5 Rxc5 29. Kb2 Nd5 30. Bd4 Rc4 31. Rh4 Rfc8 0-1

[Event "AUT-chT2W 1819"]
[Site "Austria"]
[Date "2018.10.12"]
[Round "1.1"]
[White "Frank, Emanuel"]
[Black "Bertagnolli, Alexander"]
[Result "0-1"]
[WhiteElo "2175"]
[BlackElo "2375"]
[PlyCount "82"]
[EventDate "2018.10.12"]
[EventType "team-tourn"]
[EventRounds "11"]
[EventCountry "AUT"]
[SourceTitle "CBM 186 Extra"]
[Source "ChessBase"]
[SourceDate "2018.08.24"]
[SourceVersion "1"]
[SourceVersionDate "2018.08.24"]
[SourceQuality "1"]
[WhiteTeam "Salzburg ASK"]
[BlackTeam "Kufstein/Woergl"]
[WhiteTeamCountry "AUT"]
[BlackTeamCountry "AUT"]

1. d4 Nf6 2. c4 e5 3. dxe5 Ng4 4. Bf4 g5 5. Bd2 Nxe5 6. Bc3 Bg7 7. Nf3 Nbc6 8. Nxe5 Nxe5 9. e3 Qe7 10. Be2 f5 11. Bh5+ Kd8 12. Be2 b6 13. Qc2 Bb7 14. Nd2 f4 15. e4 c5 16. 0-0-0 Kc7 17. Bxe5+ Bxe5 18. Bg4 d6 19. Rhe1 h5 20. Bf5 g4 21. Nb1 f3 22. g3 Qg7 23. Nd2 Bc6 24. h4 Rab8 25. Nf1 b5 26. Ne3 bxc4 27. Nxc4 Rb4 28. b3 Rhb8 29. Ne3 a5 30. Nd5+ Bxd5 31. Rxd5 R8b6 32. Rd3 a4 33. Red1 c4 34. bxa4 Rb1+ 35. Qxb1 Rxb1+ 36. Kxb1 cxd3 37. Rxd3 Bxg3 38. fxg3 f2 39. Rd1 Qc3 40. e5 Qe1 41. exd6+ Kd8 0-1

[Event "Ortisei Server24 op 4th"]
[Site "Ortisei"]
[Date "2018.06.23"]
[Round "8"]
[White "Bertagnolli, Alexander"]
[Black "Zucchelli, Massimo"]
[Result "0-1"]
[WhiteElo "2398"]
[BlackElo "2089"]
[PlyCount "80"]
[EventDate "2018.06.16"]
[EventType "tourn"]
[EventRounds "9"]
[EventCountry "ITA"]
[SourceTitle "CBM 185 Extra"]
[Source "ChessBase"]
[SourceDate "2018.07.29"]
[SourceVersion "1"]
[SourceVersionDate "2018.07.29"]
[SourceQuality "1"]

1. d4 d5 2. Bg5 c6 3. e3 Bf5 4. Bd3 Bxd3 5. cxd3 Qb6 6. Ne2 Nd7 7. Nbc3 e6 8. 0-0 Be7 9. Na4 Qd8 10. Bxe7 Nxe7 11. Qb3 b6 12. Rac1 0-0 13. f4 Rc8 14. Qa3 Nf6 15. h3 Nf5 16. g4 Nd6 17. Rc2 Nfe8 18. Kg2 Nb5 19. Qb4 Ned6 20. Ng1 f6 21. Nf3 Re8 22. Rfc1 Qd7 23. Qe1 Nf7 24. Qg3 Kh8 25. h4 Nbd6 26. b3 Re7 27. h5 Qe8 28. h6 Nxh6 29. Rh1 Qg6 30. Rh4 Qxd3 31. Rd2 Qxe3 32. Qh2 Ne4 33. Rc2 Kg8 34. g5 fxg5 35. fxg5 Nxg5 36. Rf4 Nxf3 37. Rxf3 Qe4 38. Rcf2 Rf7 39. Qd6 Rxf3 40. Rxf3 Nf5 0-1

[Event "Ortisei Server24 op 4th"]
[Site "Ortisei"]
[Date "2018.06.21"]
[Round "6"]
[White "Bertagnolli, Alexander"]
[Black "Sonis, Francesco"]
[Result "1/2-1/2"]
[WhiteElo "2398"]
[BlackElo "2448"]
[PlyCount "132"]
[EventDate "2018.06.16"]
[EventType "tourn"]
[EventRounds "9"]
[EventCountry "ITA"]
[SourceTitle "CBM 185 Extra"]
[Source "ChessBase"]
[SourceDate "2018.07.29"]
[SourceVersion "1"]
[SourceVersionDate "2018.07.29"]
[SourceQuality "1"]

1. Nf3 Nf6 2. b3 d5 3. Bb2 c6 4. e3 Bg4 5. h3 Bh5 6. d3 Nbd7 7. Nbd2 e6 8. Qe2 h6 9. e4 dxe4 10. dxe4 Qa5 11. 0-0-0 Qxa2 12. Nc4 0-0-0 13. Rd4 Bc5 14. g4 Bg6 15. Bg2 Bxd4 16. Nxd4 Nb6 17. Ne5 Rhe8 18. f4 Nfd7 19. Nexc6 bxc6 20. Nxc6 Nc5 21. Qb5 Nb7 22. f5 Bh7 23. Nxd8 Rxd8 24. Bxg7 Qa3+ 25. Kb1 Qc5 26. Qxc5+ Nxc5 27. Bxh6 Re8 28. Rd1 Nbd7 29. Kb2 Nf6 30. Rd4 exf5 31. Rc4 Nfxe4 32. Bxe4 Rxe4 33. Rxc5+ Kb7 34. gxf5 Rh4 35. Bg7 Rxh3 36. Re5 Kc6 37. Re7 Bxf5 38. Rxf7 Bd7 39. Bd4 a5 40. Rf6+ Kd5 41. c4+ Kxd4 42. Rd6+ Kc5 43. Rxd7 Rh1 44. Rb7 a4 45. Rb5+ Kc6 46. bxa4 Rh2+ 47. Kb3 Rh1 48. Rg5 Rb1+ 49. Kc3 Rc1+ 50. Kd3 Rd1+ 51. Kc2 Ra1 52. a5 Ra2+ 53. Kc3 Ra1 54. Rh5 Ra2 55. Kb4 Rb2+ 56. Ka3 Rb1 57. Rh2 Kc5 58. Rb2 Ra1+ 59. Ra2 Rb1 60. a6 Kb6 61. Rb2+ Rxb2 62. Kxb2 Kxa6 63. Kc3 Kb6 64. Kd4 Kc6 65. c5 Kc7 66. c6 Kxc6 1/2-1/2

[Event "Ortisei Server24 op 4th"]
[Site "Ortisei"]
[Date "2018.06.17"]
[Round "2"]
[White "Karl, Hans"]
[Black "Bertagnolli, Alexander"]
[Result "0-1"]
[WhiteElo "2078"]
[BlackElo "2398"]
[PlyCount "70"]
[EventDate "2018.06.16"]
[EventType "tourn"]
[EventRounds "9"]
[EventCountry "ITA"]
[SourceTitle "CBM 185 Extra"]
[Source "ChessBase"]
[SourceDate "2018.07.29"]
[SourceVersion "1"]
[SourceVersionDate "2018.07.29"]
[SourceQuality "1"]

1. e4 c6 2. d4 d5 3. Nc3 g6 4. Nf3 Bg7 5. Be2 Bg4 6. Be3 Nf6 7. e5 Nfd7 8. Qd2 f6 9. Bh6 0-0 10. Bxg7 Kxg7 11. Ng5 Bf5 12. g4 fxg5 13. gxf5 Rxf5 14. Bd3 Nxe5 15. dxe5 Rxe5+ 16. Ne2 Nd7 17. 0-0-0 Nf6 18. f4 gxf4 19. Nxf4 Qd6 20. Rhg1 Kf7 21. Qf2 Ke8 22. c3 Kd7 23. Bc2 Kc7 24. Nd3 Rf5 25. Qe3 e5 26. Nf2 e4 27. Rg2 Rf3 28. Qg5 Re8 29. Re1 Re5 30. Qh6 Rh5 31. Qg7+ Nd7 32. Ng4 Qf4+ 33. Kd1 Rh4 34. h3 Rfxh3 35. Reg1 Rh1 0-1

[Event "ITA-chT 50th"]
[Site "Gallipoli"]
[Date "2018.04.30"]
[Round "5.5"]
[White "Vazquez Igarza, Renier"]
[Black "Bertagnolli, Alexander"]
[Result "1-0"]
[WhiteElo "2558"]
[BlackElo "2393"]
[PlyCount "57"]
[EventDate "2018.04.27"]
[EventType "team-swiss"]
[EventRounds "7"]
[EventCountry "ITA"]
[SourceTitle "CBM 184 Extra"]
[Source "ChessBase"]
[SourceDate "2018.06.28"]
[SourceVersion "1"]
[SourceVersionDate "2018.06.28"]
[SourceQuality "1"]
[WhiteTeam "Lazio Scacchi"]
[BlackTeam "Perugia Euro Scacchi"]
[WhiteTeamCountry "ITA"]
[BlackTeamCountry "ITA"]

1. Nf3 Nf6 2. c4 e6 3. g3 b5 4. cxb5 a6 5. Nc3 d5 6. bxa6 d4 7. Qa4+ Bd7 8. Qxd4 Nxa6 9. Qd3 Nb4 10. Qb1 Ra5 11. Bg2 Bc6 12. d3 h5 13. a3 Qa8 14. Bf4 h4 15. 0-0 Nbd5 16. Nxd5 Nxd5 17. Bd2 hxg3 18. hxg3 Nf6 19. Bxa5 Qxa5 20. Qc1 Ba8 21. Qg5 Qb6 22. Rfc1 Rh5 23. Qf4 Bd6 24. Qa4+ Ke7 25. Qxa8 Bxg3 26. d4 Qb3 27. Ne5 Bxf2+ 28. Kxf2 Rf5+ 29. Bf3 1-0

[Event "ITA-chT 50th"]
[Site "Gallipoli"]
[Date "2018.04.29"]
[Round "4.5"]
[White "Bertagnolli, Alexander"]
[Black "Chatalbashev, Boris"]
[Result "0-1"]
[WhiteElo "2393"]
[BlackElo "2567"]
[PlyCount "64"]
[EventDate "2018.04.27"]
[EventType "team-swiss"]
[EventRounds "7"]
[EventCountry "ITA"]
[SourceTitle "CBM 184 Extra"]
[Source "ChessBase"]
[SourceDate "2018.06.28"]
[SourceVersion "1"]
[SourceVersionDate "2018.06.28"]
[SourceQuality "1"]
[WhiteTeam "Perugia Euro Scacchi"]
[BlackTeam "Conegliano"]
[WhiteTeamCountry "ITA"]
[BlackTeamCountry "ITA"]

1. c4 e5 2. Nc3 Nc6 3. Nf3 Nf6 4. e4 Bb4 5. Bd3 a5 6. a3 Bc5 7. Bc2 d6 8. d3 Bg4 9. Ba4 0-0 10. Bxc6 bxc6 11. Be3 Nd7 12. h3 Bxf3 13. Qxf3 Rb8 14. Na4 Bd4 15. Bxd4 exd4 16. Qd1 f5 17. 0-0 f4 18. f3 Ne5 19. Kf2 Rf6 20. Ke2 d5 21. cxd5 cxd5 22. Rc1 dxe4 23. dxe4 d3+ 24. Ke1 Qd4 25. Rf2 d2+ 26. Qxd2 Qxa4 27. Qd5+ Nf7 28. Rxc7 Rd8 29. b3 Qxa3 30. Rd7 Qc1+ 31. Ke2 Rc8 32. e5 Qe3+ 0-1

[Event "ITA-chT 50th"]
[Site "Gallipoli"]
[Date "2018.04.27"]
[Round "1.2"]
[White "Sadzikowski, Daniel"]
[Black "Bertagnolli, Alexander"]
[Result "1-0"]
[WhiteElo "2582"]
[BlackElo "2393"]
[PlyCount "63"]
[EventDate "2018.04.27"]
[EventType "team-swiss"]
[EventRounds "7"]
[EventCountry "ITA"]
[SourceTitle "CBM 184 Extra"]
[Source "ChessBase"]
[SourceDate "2018.06.28"]
[SourceVersion "1"]
[SourceVersionDate "2018.06.28"]
[SourceQuality "1"]
[WhiteTeam "Chieti"]
[BlackTeam "Perugia Euro Scacchi"]
[WhiteTeamCountry "ITA"]
[BlackTeamCountry "ITA"]

1. c4 Nf6 2. Nc3 e6 3. e4 d5 4. cxd5 exd5 5. e5 d4 6. exf6 dxc3 7. Bb5+ c6 8. Qe2+ Be6 9. Bc4 Qxf6 10. dxc3 Be7 11. Bxe6 Qxe6 12. Qxe6 fxe6 13. Nf3 Nd7 14. Be3 Bc5 15. Nd4 e5 16. Ne6 Bxe3 17. fxe3 Kf7 18. Ng5+ Ke7 19. 0-0 h6 20. Nf7 Rhf8 21. Rad1 Rac8 22. Rf5 Ke6 23. g4 Nf6 24. Nxe5 Rfd8 25. Rdf1 Rd5 26. Nf3 Nxg4 27. Nd4+ Kd6 28. Rf7 Nxe3 29. Re1 Rg5+ 30. Kh1 Re8 31. Rf3 Rg2 32. Rexe3 1-0

[Event "AUT-chT2W 1718"]
[Site "Austria"]
[Date "2018.03.10"]
[Round "10.6"]
[White "Froewis, Georg"]
[Black "Bertagnolli, Alexander"]
[Result "1-0"]
[WhiteElo "2434"]
[BlackElo "2372"]
[PlyCount "135"]
[EventDate "2017.10.13"]
[EventType "team-tourn"]
[EventRounds "11"]
[EventCountry "AUT"]
[SourceTitle "EXT 2019"]
[Source "ChessBase"]
[SourceDate "2018.10.10"]
[SourceVersion "1"]
[SourceVersionDate "2018.10.10"]
[SourceQuality "1"]
[WhiteTeam "Hohenems II"]
[BlackTeam "Kufstein/Woergl"]
[WhiteTeamCountry "AUT"]
[BlackTeamCountry "AUT"]

1. Nf3 d5 2. d4 Nf6 3. c4 e6 4. Nc3 Bb4 5. g3 0-0 6. Bg2 dxc4 7. 0-0 a6 8. Ne5 Nc6 9. Nxc6 bxc6 10. Qa4 Rb8 11. a3 Bxc3 12. bxc3 Bb7 13. Rb1 Qc8 14. Bg5 c5 15. Bxb7 Rxb7 16. Bxf6 gxf6 17. Qxc4 cxd4 18. cxd4 Rd8 19. e3 Qb8 20. Rbc1 Rd6 21. Rc3 Rb2 22. Rfc1 Qb7 23. Qxc7 Qxc7 24. Rxc7 Ra2 25. R7c3 Rb6 26. R1c2 Rxc2 27. Rxc2 Rb3 28. a4 Ra3 29. Rc4 f5 30. Kg2 Ra2 31. Kf3 Kg7 32. h3 h5 33. Rb4 a5 34. Rc4 Kg6 35. g4 hxg4+ 36. hxg4 fxg4+ 37. Kxg4 Rxf2 38. Rc5 Rf1 39. Rg5+ Kf6 40. Rxa5 Ke7 41. Kg3 Kd6 42. Kg2 Ra1 43. Kf3 Ra3 44. Ra7 f6 45. Ra8 e5 46. dxe5+ Kxe5 47. a5 Kf5 48. a6 Kg6 49. Ke4 Ra4+ 50. Kd5 Ra5+ 51. Kc6 Ra3 52. Kb5 Rb3+ 53. Ka4 Rb1 54. Rc8 Ra1+ 55. Kb5 Rb1+ 56. Kc6 Ra1 57. Kb7 Rb1+ 58. Ka8 Rb3 59. a7 f5 60. Rb8 Rxe3 61. Kb7 Re7+ 62. Kb6 Rxa7 63. Kxa7 Kg5 64. Kb6 Kf4 65. Kc5 Ke3 66. Re8+ Kd3 67. Rf8 Ke4 68. Kc4 1-0

[Event "AUT-chT2W 1718"]
[Site "Austria"]
[Date "2018.01.14"]
[Round "8.1"]
[White "Bertagnolli, Alexander"]
[Black "Fedorovsky, Michael"]
[Result "1/2-1/2"]
[WhiteElo "2372"]
[BlackElo "2478"]
[PlyCount "82"]
[EventDate "2017.10.13"]
[EventType "team-tourn"]
[EventRounds "11"]
[EventCountry "AUT"]
[SourceTitle "EXT 2019"]
[Source "ChessBase"]
[SourceDate "2018.10.10"]
[SourceVersion "1"]
[SourceVersionDate "2018.10.10"]
[SourceQuality "1"]
[WhiteTeam "Kufstein/Woergl"]
[BlackTeam "Jenbach II"]
[WhiteTeamCountry "AUT"]
[BlackTeamCountry "AUT"]

1. e4 e5 2. Nf3 Nc6 3. Nc3 Nf6 4. a3 d5 5. exd5 Nxd5 6. Nxe5 Nxc3 7. Nxc6 Nxd1 8. Nxd8 Nxf2 9. Kxf2 Bc5+ 10. Kf3 Kxd8 11. c3 Be6 12. d4 Bd6 13. Bd3 c6 14. Re1 Kc7 15. Bf4 Rad8 16. Re3 Rhe8 17. Rae1 Bd5+ 18. Kg3 Rxe3+ 19. Rxe3 Bxf4+ 20. Kxf4 h6 21. Rg3 g5+ 22. Kg4 Rd6 23. Kh5 b5 24. a4 Bb3 25. Re3 Bxa4 26. h4 Bd1+ 27. g4 gxh4 28. Bf5 h3 29. Rxh3 Rf6 30. Kh4 h5 31. Kg5 hxg4 32. Rh1 Bf3 33. Ra1 Rd6 34. Rxa7+ Kb6 35. Rxf7 c5 36. dxc5+ Kxc5 37. Bxg4 Rd5+ 38. Rf5 Bxg4 39. Kxg4 Rxf5 40. Kxf5 b4 41. cxb4+ Kxb4 1/2-1/2

[Event "EU-Cup 33rd"]
[Site "Antalya"]
[Date "2017.10.14"]
[Round "7.2"]
[White "Ererdem, Gani Eren"]
[Black "Bertagnolli, Alexander"]
[Result "1/2-1/2"]
[WhiteElo "2136"]
[BlackElo "2372"]
[PlyCount "31"]
[EventDate "2017.10.08"]
[EventType "team-swiss"]
[EventRounds "7"]
[EventCountry "TUR"]
[SourceTitle "CBM 181"]
[Source "ChessBase"]
[SourceDate "2017.11.10"]
[SourceVersion "1"]
[SourceVersionDate "2017.11.10"]
[SourceQuality "1"]
[WhiteTeam "Karaman Belediye"]
[BlackTeam "Augusta Perusia"]
[WhiteTeamCountry "TUR"]
[BlackTeamCountry "ITA"]

1. e4 c5 2. Nf3 e6 3. d4 cxd4 4. Nxd4 Qb6 5. Be3 Qxb2 6. Nd2 a6 7. Bd3 Qc3 8. 0-0 Qc7 9. e5 Nc6 10. Nxc6 dxc6 11. a4 Qxe5 12. Nc4 Qc7 13. Bb6 Qe7 14. Be3 Qc7 15. Bb6 Qe7 16. Be3 1/2-1/2

[Event "EU-Cup 33rd"]
[Site "Antalya"]
[Date "2017.10.11"]
[Round "4.2"]
[White "Bertagnolli, Alexander"]
[Black "Johannessen, Leif Erlend"]
[Result "1-0"]
[WhiteElo "2372"]
[BlackElo "2496"]
[PlyCount "89"]
[EventDate "2017.10.08"]
[EventType "team-swiss"]
[EventRounds "7"]
[EventCountry "TUR"]
[SourceTitle "CBM 181"]
[Source "ChessBase"]
[SourceDate "2017.11.10"]
[SourceVersion "1"]
[SourceVersionDate "2017.11.10"]
[SourceQuality "1"]
[WhiteTeam "Augusta Perusia"]
[BlackTeam "Oslo Schakselskap"]
[WhiteTeamCountry "ITA"]
[BlackTeamCountry "NOR"]

1. e4 e5 2. Nf3 Nc6 3. Bb5 a6 4. Bxc6 dxc6 5. 0-0 Bg4 6. h3 Bh5 7. g4 Bg6 8. Nxe5 Qh4 9. Qf3 f6 10. Nxg6 hxg6 11. d4 Qxh3 12. Qxh3 Rxh3 13. Nc3 0-0-0 14. Kg2 Rh4 15. Be3 Bd6 16. Rh1 Rxg4+ 17. Kf3 f5 18. e5 Bf8 19. Rag1 c5 20. d5 Re8 21. Rxg4 fxg4+ 22. Kg2 Nh6 23. Bf4 g5 24. Bg3 Nf5 25. Rh8 Nh4+ 26. Bxh4 gxh4 27. Ne4 Rd8 28. Rxh4 Rxd5 29. Rh8 Rd8 30. Kg3 Be7 31. Rxd8+ Kxd8 32. Kxg4 g6 33. Nf6 c4 34. Kg5 Bc5 35. Kxg6 Bxf2 36. Kf7 Bd4 37. e6 Bxf6 38. Kxf6 Ke8 39. c3 Kf8 40. e7+ Ke8 41. Ke6 a5 42. Kf6 b5 43. a3 c5 44. Ke6 b4 45. Kd6 1-0

[Event "EU-Cup 33rd"]
[Site "Antalya"]
[Date "2017.10.10"]
[Round "3.2"]
[White "Bjarnason, Oskar"]
[Black "Bertagnolli, Alexander"]
[Result "0-1"]
[WhiteElo "2245"]
[BlackElo "2372"]
[PlyCount "126"]
[EventDate "2017.10.08"]
[EventType "team-swiss"]
[EventRounds "7"]
[EventCountry "TUR"]
[SourceTitle "CBM 181"]
[Source "ChessBase"]
[SourceDate "2017.11.10"]
[SourceVersion "1"]
[SourceVersionDate "2017.11.10"]
[SourceQuality "1"]
[WhiteTeam "Bonnevoie Gambit"]
[BlackTeam "Augusta Perusia"]
[WhiteTeamCountry "LUX"]
[BlackTeamCountry "ITA"]

1. Nf3 c5 2. b3 Nf6 3. Bb2 e6 4. e3 Be7 5. c4 Nc6 6. Nc3 0-0 7. Be2 d5 8. cxd5 Nxd5 9. 0-0 Bf6 10. a3 b6 11. Qc2 Bb7 12. Rfd1 Nxc3 13. Bxc3 Rc8 14. Qb2 Bxc3 15. dxc3 Qe7 16. Rd2 Rfd8 17. Rad1 Rxd2 18. Rxd2 Rd8 19. Rxd8+ Qxd8 20. Qd2 Kf8 21. Qxd8+ Nxd8 22. Kf1 Ke7 23. Ke1 Bd5 24. b4 Kd6 25. Kd2 Nc6 26. Ne1 e5 27. f4 f6 28. g3 g6 29. Nd3 e4 30. bxc5+ bxc5 31. Nb2 Na5 32. Bb5 c4 33. Be8 Ke7 34. Bb5 Kd6 35. Be8 a6 36. h4 Bc6 37. Bf7 Bd5 38. Be8 Nb3+ 39. Kc2 Ke7 40. Ba4 Nc5 41. Kd2 Nd3 42. Nxd3 cxd3 43. Bd1 Kd6 44. Ba4 Kc5 45. f5 gxf5 46. Bd7 Kc4 47. Bxf5 h6 48. Bd7 Kb3 49. a4 a5 50. Bb5 Bb7 51. Bd7 Kc4 52. Be6+ Bd5 53. Bd7 Kc5 54. Be8 Bc6 55. Bg6 Kd6 56. c4 Ke5 57. Kc3 Bxa4 58. Bf7 Kd6 59. Bg6 Bc6 60. Bh7 Kc5 61. Bg8 a4 62. Bf7 a3 63. Kb3 Ba4+ 0-1

[Event "ITA-chT 49th"]
[Site "Gallipoli"]
[Date "2017.04.29"]
[Round "4.3"]
[White "Bertagnolli, Alexander"]
[Black "Codenotti, Marco"]
[Result "0-1"]
[WhiteElo "2375"]
[BlackElo "2465"]
[PlyCount "82"]
[EventDate "2017.04.27"]
[EventType "team-swiss"]
[EventRounds "7"]
[EventCountry "ITA"]
[SourceTitle "CBM 178 Extra"]
[Source "ChessBase"]
[SourceDate "2017.06.22"]
[SourceVersion "1"]
[SourceVersionDate "2017.06.22"]
[SourceQuality "1"]
[WhiteTeam "Euro Scacchi"]
[BlackTeam "Famiglia Legnanese"]
[WhiteTeamCountry "ITA"]
[BlackTeamCountry "ITA"]

1. c4 e5 2. Nc3 Nf6 3. Nf3 Nc6 4. a3 d5 5. cxd5 Nxd5 6. e4 Nf4 7. d4 exd4 8. Bxf4 dxc3 9. Qxd8+ Nxd8 10. bxc3 Ne6 11. Be3 Nc5 12. Nd2 Be6 13. f3 0-0-0 14. Bc4 Bxc4 15. Nxc4 f6 16. a4 b6 17. Ke2 a5 18. h4 h5 19. Nb2 Bd6 20. Rad1 Rhe8 21. Rd5 g6 22. Rhd1 Ne6 23. Kf2 Be5 24. Nc4 Bf4 25. Bxf4 Nxf4 26. Rxd8+ Rxd8 27. Rxd8+ Kxd8 28. Nb2 Kd7 29. g3 Ne6 30. Ke3 Kc6 31. c4 Kc5 32. f4 Ng7 33. Kd3 Kb4 34. Nd1 Kxa4 35. Kc3 c6 36. Ne3 Ka3 37. f5 gxf5 38. exf5 b5 39. Nc2+ Ka2 40. cxb5 cxb5 41. Nd4 b4+ 0-1

[Event "ITA-chT 49th"]
[Site "Gallipoli"]
[Date "2017.04.27"]
[Round "1.4"]
[White "Valsecchi, Alessio"]
[Black "Bertagnolli, Alexander"]
[Result "1-0"]
[WhiteElo "2491"]
[BlackElo "2375"]
[PlyCount "71"]
[EventDate "2017.04.27"]
[EventType "team-swiss"]
[EventRounds "7"]
[EventCountry "ITA"]
[SourceTitle "CBM 178 Extra"]
[Source "ChessBase"]
[SourceDate "2017.06.22"]
[SourceVersion "1"]
[SourceVersionDate "2017.06.22"]
[SourceQuality "1"]
[WhiteTeam "Montebelluna Pro"]
[BlackTeam "Euro Scacchi"]
[WhiteTeamCountry "ITA"]
[BlackTeamCountry "ITA"]

1. e4 c5 2. Nf3 e6 3. d4 cxd4 4. Nxd4 Qb6 5. Nb3 Qc7 6. Bd3 Nf6 7. 0-0 d5 8. Nc3 dxe4 9. Nxe4 Nxe4 10. Bxe4 Bd7 11. Qf3 Bc6 12. Bf4 e5 13. Bxe5 Qxe5 14. Bxc6+ Nxc6 15. Rfe1 Bd6 16. Rxe5+ Bxe5 17. c3 Rc8 18. Nc5 b6 19. Nd3 0-0 20. Re1 Bd6 21. g3 Rfd8 22. Kg2 Bf8 23. Nf4 Rd6 24. b4 Rcd8 25. a3 g6 26. c4 a5 27. Nd5 axb4 28. axb4 Rxd5 29. cxd5 Nxb4 30. Re4 Na6 31. Ra4 Nc5 32. Ra7 Rd7 33. Ra8 Kg7 34. h4 h5 35. Qc3+ Kg8 36. Qe5 1-0